Feedback Control Systems (Record no. 51398)

MARC details
000 -LEADER
fixed length control field 00447nam a2200169Ia 4500
008 - FIXED-LENGTH DATA ELEMENTS--GENERAL INFORMATION
fixed length control field 220530s9999 xx 000 0 und d
020 ## - INTERNATIONAL STANDARD BOOK NUMBER
International Standard Book Number 9788189411077
041 ## - LANGUAGE CODE
Language code of text/sound track or separate title eng
082 ## - DEWEY DECIMAL CLASSIFICATION NUMBER
Classification number 629.8
Item number BAK
100 ## - MAIN ENTRY--PERSONAL NAME
Personal name Bakshi U.A.; Goyal S.C.
9 (RLIN) 56732
245 ## - TITLE STATEMENT
Title Feedback Control Systems
250 ## - EDITION STATEMENT
Edition statement 13 th reprint 2012
260 ## - PUBLICATION, DISTRIBUTION, ETC. (IMPRINT)
Place of publication, distribution, etc. Pune
Name of publisher, distributor, etc. Technical Publications
Date of publication, distribution, etc. 2012
300 ## - PHYSICAL DESCRIPTION
Extent 814
Other physical details PB
700 ## - ADDED ENTRY--PERSONAL NAME
Personal name Goyal S.C.
9 (RLIN) 56733
906 ## - LOCAL DATA ELEMENT F, LDF (RLIN)
a 67.15
b ETC
Holdings
Withdrawn status Lost status Damaged status Not for loan Collection code Home library Current library Date acquired Vendor Cost, normal purchase price Full call number Barcode Date last seen Cost, replacement price Bill Date Koha item type Original Barcode
        Electronic & Telecommunication Engineering Cummins College of Engineering for Women Nagpur Cummins College of Engineering for Women Nagpur 11/09/2012 Book Source 395.00 629.8/BAK CEWN-BK-3723 30/05/2022 327.85 30/05/2022 Books 003723
        Electronic & Telecommunication Engineering Cummins College of Engineering for Women Nagpur Cummins College of Engineering for Women Nagpur 11/09/2012 Book Source 395.00 629.8/BAK CEWN-BK-3724 30/05/2022 327.85 30/05/2022 Books 003724
        Electronic & Telecommunication Engineering Cummins College of Engineering for Women Nagpur Cummins College of Engineering for Women Nagpur 11/09/2012 Book Source 395.00 629.8/BAK CEWN-BK-3725 30/05/2022 327.85 30/05/2022 Books 003725
        Electronic & Telecommunication Engineering Cummins College of Engineering for Women Nagpur Cummins College of Engineering for Women Nagpur 12/10/2012 Book Source 375.00 629.8/BAK CEWN-BK-3847 30/05/2022 311.25 30/05/2022 Books 003847